Stain reports

Saved in:
Bibliographic Details
Format: Book
Language:Undetermined
Published: Bombay People's Publishing House 1944
Subjects:
Tags: Add Tag
No Tags, Be the first to tag this record!
Institutions: Trung tâm Học liệu Trường Đại học Cần Thơ
LEADER 00400nam a2200157Ia 4500
001 CTU_80338
008 210402s9999 xx 000 0 und d
082 |a 330 
082 |b S782 
245 0 |a Stain reports 
260 |a Bombay 
260 |b People's Publishing House 
260 |c 1944 
650 |a Soviet union 
904 |i Trọng Hải 
980 |a Trung tâm Học liệu Trường Đại học Cần Thơ